El FMLN: entre la oposición y el gobierno tras doce años de elecciones /
Posterior a la firma de los Acuerdos de Paz, con los que se finalizo la guerra civil, el Frente "Farabundo Martí"para la Liberación Nacional, se convirtió en partido político, legalmente establecido y participo en las elecciones de 1994, fortaleciéndose como una opción política para la soc...
Zapisane w:
| 1. autor: | |
|---|---|
| Format: | Texto |
| Hasła przedmiotowe: | |
| Etykiety: |
Dodaj etykietę
Nie ma etykietki, Dołącz pierwszą etykiete!
|
MARC
| LEADER | 00000 a a2200000 04500 | ||
|---|---|---|---|
| 001 | 40466 | ||
| 003 | |||
| 040 | |||
| 100 | |a Artiga-González, Alvaro | ||
| 245 | |a El FMLN: |b entre la oposición y el gobierno tras doce años de elecciones / |c Alvaro Artiga-González | ||
| 500 | |a alvart@buho.uca.edu.sv | ||
| 520 | |a Posterior a la firma de los Acuerdos de Paz, con los que se finalizo la guerra civil, el Frente "Farabundo Martí"para la Liberación Nacional, se convirtió en partido político, legalmente establecido y participo en las elecciones de 1994, fortaleciéndose como una opción política para la sociedad salvadoreña, lo que ha aumento su caudal electoral; pues controla cerca de un tercio de los escaños en el parlamento y gobierna importantes ciudades del país, incluyendo la capital. En artículo pretende describir su origen, desempeño en elecciones legislativas, municipales y presidenciales, y peso como fuerza parlamentaria y de gobierno municipal. | ||
| 590 | |a SJB/DICIEMBRE2010 | ||
| 650 | |a 1.ELECCIONES | ||
| 650 | |a 2.PARTIDO POLITICO | ||
| 650 | |a 3.FUERZAS ARMADAS | ||
| 650 | |a 4.GOBIERNO | ||
| 650 | |a 5.OPOSICION POLITICA | ||
| 650 | |a 6.EL SALVADOR | ||
| 773 | |g volumen3, número2 ( , 2006), páginas 49-83: tablas | ||
| 999 | |c 35828 |d 35828 | ||
